<?xml version="1.0" encoding="UTF-8"?>
<record
    xmlns:xsi="http://www.w3.org/2001/XMLSchema-instance"
    xsi:schemaLocation="http://www.loc.gov/MARC21/slim http://www.loc.gov/standards/marcxml/schema/MARC21slim.xsd"
    xmlns="http://www.loc.gov/MARC21/slim">

  <leader>02227nam a2200277 a 4500</leader>
  <controlfield tag="001"> </controlfield>
  <controlfield tag="003">DO-SdBNP</controlfield>
  <controlfield tag="005">20211001083158.0</controlfield>
  <controlfield tag="008">081124s2002    dr ac         001 f spa d</controlfield>
  <datafield tag="020" ind1=" " ind2=" ">
    <subfield code="a">9789993432180</subfield>
  </datafield>
  <datafield tag="040" ind1=" " ind2=" ">
    <subfield code="a">DO-SdBNP</subfield>
    <subfield code="b">spa</subfield>
    <subfield code="c">BPMSU</subfield>
  </datafield>
  <datafield tag="082" ind1=" " ind2=" ">
    <subfield code="a">RD863.44</subfield>
    <subfield code="b">D542c 2000</subfield>
    <subfield code="2"> 22</subfield>
  </datafield>
  <datafield tag="100" ind1="1" ind2=" ">
    <subfield code="a">D&#xED;az Grull&#xF3;n, Virgilio,</subfield>
    <subfield code="d">1924-2001</subfield>
  </datafield>
  <datafield tag="245" ind1="1" ind2="0">
    <subfield code="a">Cuentos completos /</subfield>
    <subfield code="c">Virgilio D&#xED;az Grull&#xF3;n ; pr&#xF3;logo &#xC1;ngela  Hern&#xE1;ndez </subfield>
  </datafield>
  <datafield tag="260" ind1=" " ind2=" ">
    <subfield code="a">Santo Domingo :</subfield>
    <subfield code="b">Cole,</subfield>
    <subfield code="c">2002.</subfield>
  </datafield>
  <datafield tag="300" ind1=" " ind2=" ">
    <subfield code="a">312 p. :</subfield>
    <subfield code="b">il., retrs. ;</subfield>
    <subfield code="c">23 cm.</subfield>
  </datafield>
  <datafield tag="500" ind1=" " ind2=" ">
    <subfield code="a">Incluye datos biogr&#xE1;ficos del autor en la solapa de la cubierta </subfield>
  </datafield>
  <datafield tag="505" ind1="0" ind2=" ">
    <subfield code="t">Pr&#xF3;logo de &#xC1;ngela Hern&#xE1;ndez --</subfield>
    <subfield code="t">Opiniones sobre el ser humano y el escritor --</subfield>
    <subfield code="t">Un encuentro con Virgilio D&#xED;az Grull&#xF3;n --</subfield>
    <subfield code="t">Cronolog&#xED;a de Virgilio D&#xED;az Grull&#xF3;n --</subfield>
    <subfield code="t">Ratones --</subfield>
    <subfield code="t">Edipo --</subfield>
    <subfield code="t">El pozo sin fondo --</subfield>
    <subfield code="t">Jornada completa --</subfield>
    <subfield code="t">Ca&#xED;n --</subfield>
    <subfield code="t">Cacer&#xED;a --</subfield>
    <subfield code="t">El reloj --</subfield>
    <subfield code="t">Martillazos en la noche --</subfield>
    <subfield code="t">Vecindad --</subfield>
    <subfield code="t">Pesadilla --</subfield>
    <subfield code="t">La puntualidad del se&#xF1;or Mart&#xED;nez --</subfield>
    <subfield code="t">Fiebre --</subfield>
    <subfield code="t">C&#xED;rculo --</subfield>
    <subfield code="t">El corcho sobre el r&#xED;o --</subfield>
    <subfield code="t">El peque&#xF1;o culpable --</subfield>
    <subfield code="t">Dos pesos para Cirilo --</subfield>
    <subfield code="t">M&#xE1;s all&#xE1; del espejo --</subfield>
    <subfield code="t">Un epitafio para don Justo --</subfield>
    <subfield code="t">Su amigo Arcadio --</subfield>
    <subfield code="t">Retorno --</subfield>
    <subfield code="t">A trav&#xE9;s del muro --</subfield>
    <subfield code="t">Cr&#xF3;nica policial --</subfield>
    <subfield code="t">La campana rota --</subfield>
    <subfield code="t">Biograf&#xED;a de un suicida --</subfield>
    <subfield code="t">Doble personalidad --</subfield>
    <subfield code="t">&#xCD;caro --</subfield>
    <subfield code="t">El diario inconcluso --</subfield>
    <subfield code="t">Vertiginoso tiempo --</subfield>
    <subfield code="t">La verdadera pesadilla --</subfield>
    <subfield code="t">La mutaci&#xF3;n --</subfield>
    <subfield code="t">Viaje al microcosmos --</subfield>
    <subfield code="t">Punto de vista --</subfield>
    <subfield code="t">El uno y el otro --</subfield>
    <subfield code="t">La trampa --</subfield>
    <subfield code="t">El cuento sin t&#xED;tulo --</subfield>
    <subfield code="t">Falso embarazo --</subfield>
    <subfield code="t">La pareja --</subfield>
    <subfield code="t">La broma p&#xF3;stuma --</subfield>
    <subfield code="t">La invasi&#xF3;n --</subfield>
    <subfield code="t">El maleficio --</subfield>
    <subfield code="t">Par&#xE9;ntesis folcl&#xF3;rico --</subfield>
    <subfield code="t">La resignada inmortalidad de don C&#xE1;stulo --</subfield>
    <subfield code="t">El aprendiz de brujo --</subfield>
    <subfield code="t">Pas de Deux --</subfield>
    <subfield code="t">M&#xE1;s all&#xE1; del espejo --</subfield>
    <subfield code="t">La enemiga --</subfield>
    <subfield code="t">El delicioso --</subfield>
    <subfield code="t">La &#xFA;nica ver&#xED;dica versi&#xF3;n de la muerte de Johnny Watson relatada por &#xE9;l mismo --</subfield>
    <subfield code="t">Catat&#xF3;nico --</subfield>
    <subfield code="t">Matum --</subfield>
    <subfield code="t">La culebra --</subfield>
    <subfield code="t">El ni&#xF1;o pregunt&#xF3;n --</subfield>
    <subfield code="t">Legalismo.</subfield>
  </datafield>
  <datafield tag="590" ind1=" " ind2=" ">
    <subfield code="a">Inventariado, 2019/VM</subfield>
  </datafield>
  <datafield tag="600" ind1="1" ind2="4">
    <subfield code="a">D&#xED;az Grull&#xF3;n, Virgilio </subfield>
    <subfield code="d">1924-2001</subfield>
    <subfield code="x">Hitorias y cr&#xED;tica </subfield>
  </datafield>
  <datafield tag="650" ind1=" " ind2="4">
    <subfield code="a">Cuentos dominicanos</subfield>
    <subfield code="v">Colecciones</subfield>
  </datafield>
  <datafield tag="650" ind1=" " ind2="4">
    <subfield code="a">Literatura dominicana.</subfield>
  </datafield>
  <datafield tag="700" ind1=" " ind2=" ">
    <subfield code="a">Hern&#xE1;ndez, &#xC1;ngela  </subfield>
    <subfield code="e">pr&#xF3;l. </subfield>
  </datafield>
  <datafield tag="910" ind1=" " ind2=" ">
    <subfield code="a">VMateo V. </subfield>
  </datafield>
  <datafield tag="942" ind1=" " ind2=" ">
    <subfield code="2">ddc</subfield>
    <subfield code="c">BK</subfield>
  </datafield>
  <datafield tag="952" ind1=" " ind2=" ">
    <subfield code="0">0</subfield>
    <subfield code="1">0</subfield>
    <subfield code="2">ddc</subfield>
    <subfield code="4">0</subfield>
    <subfield code="7">0</subfield>
    <subfield code="8">CD</subfield>
    <subfield code="a">BPMET</subfield>
    <subfield code="b">BPMET</subfield>
    <subfield code="d">2021-10-01</subfield>
    <subfield code="o">BPMSU CD RD863.44 D542c 2002</subfield>
    <subfield code="p">BPMSU21100001</subfield>
    <subfield code="r">2021-10-01</subfield>
    <subfield code="w">2021-10-01</subfield>
    <subfield code="y">BK</subfield>
  </datafield>
  <datafield tag="952" ind1=" " ind2=" ">
    <subfield code="0">0</subfield>
    <subfield code="1">0</subfield>
    <subfield code="2">ddc</subfield>
    <subfield code="4">0</subfield>
    <subfield code="7">0</subfield>
    <subfield code="8">CD</subfield>
    <subfield code="a">BPMET</subfield>
    <subfield code="b">BPMET</subfield>
    <subfield code="d">2021-10-01</subfield>
    <subfield code="l">0</subfield>
    <subfield code="o">BPMSU CD RD863.44 D542c 2002</subfield>
    <subfield code="p">BPMSU21100002</subfield>
    <subfield code="r">2021-10-01</subfield>
    <subfield code="t">e.2</subfield>
    <subfield code="w">2021-10-01</subfield>
    <subfield code="y">BK</subfield>
  </datafield>
  <datafield tag="952" ind1=" " ind2=" ">
    <subfield code="0">0</subfield>
    <subfield code="1">0</subfield>
    <subfield code="2">ddc</subfield>
    <subfield code="4">0</subfield>
    <subfield code="7">0</subfield>
    <subfield code="8">CD</subfield>
    <subfield code="a">BPMET</subfield>
    <subfield code="b">BPMET</subfield>
    <subfield code="d">2021-10-01</subfield>
    <subfield code="l">0</subfield>
    <subfield code="o">BPMSU CD RD863.44 D542c 2002</subfield>
    <subfield code="p">BPMSU21100003</subfield>
    <subfield code="r">2021-10-01</subfield>
    <subfield code="t">e.3</subfield>
    <subfield code="w">2021-10-01</subfield>
    <subfield code="y">BK</subfield>
  </datafield>
  <datafield tag="999" ind1=" " ind2=" ">
    <subfield code="c">13744</subfield>
    <subfield code="d">13744</subfield>
  </datafield>
</record>
